Funny Headlines: Fill in the Blank Quiz Stats

 Plays Quiz Updated Aug 30, 2014

Challenge
Share
Tweet
Embed
Score 0/25 Timer 06:00
3 Plays Today
% Correct
Seen
93.3%
Closed
90.7%
Belted
90.3%
Mushrooms
90.2%
Cemetery
89.4%
Sex
89.4%
Uranus
89%
Applauds
87.8%
Joint
86.9%
Belittling
86.2%
Knife
85.6%
Sewer
83.3%
Hooker
83.3%
% Correct
Reputation
82.3%
Closure
82.1%
Literacy
78.7%
Package
77.9%
Rack
76.6%
Death
76%
Erection
75.9%
Arms
74.5%
Obesity
73.6%
Condom
65.9%
Stiff
64.3%
Gas
59.8%

You're not logged in!

Compare scores with friends on all Sporcle quizzes.
OR
Log In

You Might Also Like...

Show Comments

Extras

Top Quizzes Today


Score Distribution

Your Account Isn't Verified!

In order to create a playlist on Sporcle, you need to verify the email address you used during registration. Go to your Sporcle Settings to finish the process.

Report this User

Report this user for behavior that violates our Community Guidelines.

Details: